000 01009nam a2200337 a 4500
001 000111126
003 CHAP
005 20220329144159.0
008 141205s2013 mx a |r| |||0|||spa d
010 _a107588
011 _a108560
020 _a978-607-12-0350-2 (obra completa)
020 _a978-607-12-0352-6 (v.2)
020 _a9786071203519 (v.1)
040 _cCHAP
082 0 4 _a581.972
_bH46 2013
100 0 0 _aHernández Xolocotzi, Efraím.
_954753
245 1 0 _aXolocotzia :
_bobras de Efraín Hernández Xolocotzi /
_cpor Efraín Hernández Xolocotzi.
250 _a2 ed.
260 _aChapingo, Méx. :
_bUACH.,
_c2013.
300 _a2 v. :
_bil.
590 _aE11695DGD
_b10
_c20141209
_lUCH01
_h1437
590 _aE5652GLJ
_b05
_c20141205
_lUCH01
_h0955
650 1 4 _aAgricultura
_zMéxico.
_91932
650 1 4 _aBotánica
_zMéxico.
_914641
650 1 4 _aEcología agrícola.
_935165
700 1 _aMárquez Ortiz, León
_eed.
_9128927
901 _aBK
942 _cLIBRO
942 _n0
999 _c107588
_d107588